| 000 | 00994nam a22002657a 4500 | ||
|---|---|---|---|
| 005 | 2011080406576.0 | ||
| 008 | 090728t xxu||||| |||| 00| 0 pun d | ||
| 010 | _aPUN-6914 | ||
| 020 |
_c180.00 _a81876542287 |
||
| 035 | _aPN-6031 | ||
| 037 | _bDBAD / PUB | ||
| 040 |
_adpl _bpn |
||
| 082 | _a851 | ||
| 100 |
_924414 _a' ਅਜ਼ੀਜ਼ ' ਜੈਪੁਰੀ |
||
| 245 |
_aਪੀਡ਼ ਅਵੱਲੀ ਬਿਰਹਾ ਵਾਲੀ / _c' ਅਜ਼ੀਜ਼ ' ਜੈਪੁਰੀ |
||
| 246 |
_aPeerh awali birha wali _bby Aziz jaipuri |
||
| 260 |
_aDelhi _bManpreet parkashan _c2011 |
||
| 270 |
_a16/16, geeta colony, _bDelhi _e110031 _k0 9312271252 |
||
| 300 | 4 |
_a80 ਸਫੇ _c22ਸੇਮੀ (ਸਜਿਲੱਦ) |
|
| 600 | _931401 | ||
| 650 | _924412 | ||
| 650 | _924431 | ||
| 942 |
_2ddc _cPN _h851 _mਅਜ਼ੀਜ਼ |
||
| 999 |
_c54916 _d54916 |
||